00616 a2200181 4500003000400000005001700004008004100021020001800062040000900080082001800089100003100107245006200138260003100200300001000231942004200241952013400283999001700417OSt20230919121341.0230919b |||||||| |||| 00| 0 eng d a9781786992727 coclc a956.94bMAS/P1 aMasalha, Nur,d1957-99516 aPalestine : ba four thousand year history /cNur Masalha aLondon:bZed books,c2018. a448 p 2ddccBKh956.94iMAS/Pk956.94mMAS/P 00102ddc40708HISTORYaMESbMEScISLd2023-09-19l0o956.94 MAS/Pp42502r2023-09-19 12:14:39v2710.00w2023-09-19yBKzGL44R4 c42290d42290